01038nam a22002177a 4500003000900000005001700009007000300026008004100029040002500070082001300095100001000108245021600118260008800334300002700422500017500449590002700624910001400651942001400665952012400679999001700803DO-SdBNP20220425112047.0ta110301s2011 dr a 000 0 spa d aDO-SdBNPbspacBNPHU 4axxxbxxx1 95301800aRetiro para descubrir con el Señor y la comunidad nuestra historia de salvación personal, familiar y de nuestro pueblo :bconclusión de la primera unidad del discipulado sobre la historia de salvación / aSanto Domingo :bPlan Nacional de Pastoral, bInstituto Nacional de Pastoralc2011. a128 p. :bil.,c22 cm. aCon el apoyo de: Conferencia del Episcopado Dominicano. Comisión Nacional de la Misión Continental. Comisión Nacional de Catequesis. Instituto Nacional de Pastoral. aInventariado, 2022/ YL aYLockward 2ddccLBS1 00102ddc53708PDaBNPHUbBNPHUcCTd2018-02-19eAmigo del Hogarl0oxxx xxxp2022-1519r2022-04-25w2022-04-25yLBS1 c51571d51571